[Event "Stay Safe Play From Home 298"]
[Site "Emanuel Lasker Arena"]
[Date "2020.07.13"]
[Round "3"]
[White "Mepe_Nika"]
[Black "SoulofWolf"]
[Result "1-0"]
[WhiteElo "2377"]
[BlackElo "2223"]
[Annotator "TA"]
[PlyCount "107"]
[EventDate "2020.07.13"]
[EventType "swiss (blitz)"]

{[%evp 9,106,36,70,63,69,29,67,84,119,85,143,22,31,15,8,0,9,5,46,27,29,21,23,21,6,0,0,-12,14,0,0,-9,55,-25,-37,-13,-6,-9,-11,-9,-7,-14,0,0,23,23,34,-26,-15,-22,-12,-19,-12,-112,0,-10,-12,-50,0,-39,72,15,55,49,280,293,275,276,739,739,5310,5222,5302,5002,2899,2717,29981,29982,29983,29983,29994,29995,29995,29995,29997,29996,29996,29995,29997,29994,29996,29997,29997,29998,29998,29998,29999,29999,29999]} 1. d4 d6 2. Bf4 Nd7 3. Nc3 g6 4. e4 Bg7 5. Qd2 e5 6. dxe5 {[#] A41: 1 d4 d6: Tartakower System and Modern Defence.} dxe5 $146 ({Predecessor:} 6... Nxe5 7. O-O-O Be6 8. Kb1 Ne7 9. h4 N7c6 10. h5 Qf6 11. Bg5 {1-0 (11) Korostenski,F (1744)-Hilton,S (1432) LSS email 2010}) 7. Bg5 f6 8. Be3 {White is slightly better.} Ne7 9. Bc4 Nb6 (9... Nc6 $142) 10. Bb3 (10. Qxd8+ $16 Kxd8 11. O-O-O+ Nd7 12. Nf3) 10... Qxd2+ $11 11. Bxd2 Bd7 12. h4 O-O-O 13. h5 g5 14. h6 Bf8 15. Nge2 Ng6 16. f3 Bc5 17. a3 Nh4 18. Rh2 Rde8 19. Bf7 Re7 20. Ba2 a6 (20... Be6 $11) 21. Nd5 (21. b4 $14 Bd4 22. Nxd4 exd4 23. Ne2) 21... Nxd5 22. Bxd5 c6 23. Bc4 Be6 24. Bxe6+ Rxe6 25. b4 Bb6 26. c4 Rd8 27. c5 Bc7 28. Be3 (28. Ng3 $14) 28... Re7 29. Rd1 Red7 30. Rxd7 Rxd7 31. Kf2 (31. Nc1 $11) 31... a5 (31... Rd3 $17 32. Bc1 b6) 32. g3 Ng6 33. Rh1 Kd8 34. Rb1 a4 (34... Rd3 $15) 35. b5 (35. Nc3 $16) 35... cxb5 36. Rxb5 Bb8 $2 {[#] This costs Black the game.} ({Black should play} 36... Kc8 $14) 37. c6 $1 $18 {[%mdl 512]} Rc7 (37... bxc6 38. Rxb8+) 38. Bb6 ({Weaker is} 38. Rxb7 Rxb7 39. cxb7 Kc7 $16) 38... Kc8 $2 (38... bxc6 39. Ra5 (39. Bxc7+ Kxc7 40. Rb4 Ba7+ 41. Kg2 Ne7 $18) 39... Ne7) 39. Bxc7 Kxc7 40. Rxb7+ {[%mdl 4096] Endgame KRN-KBN} Kc8 41. Rxh7 Bd6 42. Rd7 Bxa3 43. h7 {White mates.} Bc5+ 44. Kg2 Nf8 45. h8=Q a3 46. Nc3 Bb4 {[#]} 47. Rf7 $1 g4 48. Rxf8+ {[%mdl 64] Back Rank} Bxf8 49. Qxf8+ Kc7 50. Qc5 gxf3+ 51. Kxf3 a2 52. Nd5+ Kd8 53. Qd6+ Ke8 54. Qe7# {Accuracy: White = 66%, Black = 51%.} 1-0

[Event "Stay Safe Play From Home 298"]
[Site "Emanuel Lasker Arena"]
[Date "2020.07.13"]
[Round "3"]
[White "Toosieslide"]
[Black "Haxhi Baha"]
[Result "1-0"]
[WhiteElo "2214"]
[BlackElo "2030"]
[Annotator "TA"]
[PlyCount "89"]
[EventDate "2020.07.13"]
[EventType "swiss (blitz)"]

{[%evp 9,89,70,59,27,32,12,29,30,58,0,0,-52,-14,-17,-12,-45,-34,-57,0,0,0,-131,-107,-109,-25,-420,-72,-78,16,14,28,-59,237,-141,-24,-31,786,783,741,750,688,519,722,708,670,579,883,881,880,872,858,868,922,914,911,815,774,204,183,0,5469,4978,29987,3064,1640,1535,29972,29956,12826,11586,6825,5397,7454,7062,12837,5028,12843,12844,12846,12842,12845,828]} 1. d4 d5 2. c4 e5 3. dxe5 d4 4. Nf3 Nc6 5. a3 Nge7 6. Bf4 {D08: Albin Counter Gambit.} Ng6 7. Bg3 Bg4 8. Nbd2 {White has an edge.} Qe7 9. h3 (9. Qc2 $14) 9... Bf5 $11 {[#]} 10. Bh2 $146 (10. Qa4 $11) ({Predecessor:} 10. Qb3 O-O-O 11. Rc1 f6 12. exf6 gxf6 13. Bh2 h5 14. e3 Bh6 15. Bg1 Nf4 16. g3 dxe3 17. fxe3 {0-1 (28) Hoang,Q (1734)-Dao,M (1955) Ho Chi Minh City 2018}) 10... O-O-O {[%cal Rc6e5][%mdl 1024] Black has compensation.} 11. g4 Be6 12. Bg2 h5 13. g5 f6 (13... Qd7 $15 14. h4 Bh3) 14. exf6 gxf6 15. gxf6 (15. Rg1 $11 {remains equal.}) 15... Qxf6 $17 16. Ne4 Qf5 ({Black should play} 16... Qe7 $1 $17 17. Qd3 Bh6) 17. Nfd2 $2 {[%mdl 8192]} (17. Qd3 $11) 17... h4 $2 (17... Nh4 $19 18. Bf1 d3 $1 {[%mdl 512]}) 18. Qb3 d3 (18... Nge5 $17) 19. e3 $1 $36 {[%mdl 2048] White fights for an advantage.} ({Much weaker is} 19. exd3 Nge5 $17) 19... Nge5 20. O-O-O (20. Bxe5 $1 $11 Nxe5 {[#]} 21. Ng5 $1 {[%mdl 512]} Qxg5 22. Qxb7+ Kd7 23. O-O-O) 20... Bg7 $2 {[%mdl 8192]} (20... Nxc4 $1 $15 {stays ahead.} 21. Nxc4 Rg8 22. Rxd3 Rxg2 23. Rxd8+ Nxd8) 21. f4 $2 (21. Nc5 $18 {[%csl Gc5][%cal Rb3b7]} b6 22. Be4) 21... Nxc4 (21... Na5 $17 22. Qb4 (22. Qc3 $2 Nexc4 {[%mdl 64] Discovered Attack} 23. Qxg7 Rhg8 $19) 22... Nexc4 23. Nxc4 Nxc4) 22. Nxc4 {Threatens to win with Ned2.} Qd5 $2 {[%mdl 8192] [#]} (22... Na5 $15 23. Ncd6+ cxd6 24. Qxd3 Kb8) 23. Ned6+ $1 $18 {[%mdl 576] Discovered Attack} Rxd6 (23... cxd6 24. Bxd5) 24. Bxd5 Rxd5 25. Rxd3 Na5 26. Nxa5 Rc5+ 27. Rc3 Bxb3 28. Rxc5 b6 29. Nxb3 bxc5 30. Nxc5 c6 31. Kb1 Rd8 32. Rc1 Rd2 33. Na4 $2 (33. Rc2 Rd1+ 34. Ka2) 33... Rxh2 {[%mdl 4096] Endgame KRB-KRN} 34. Rc2 $2 ({White should try} 34. Rxc6+ $18 Kd8 35. Ra6) 34... Kd7 $2 {[%mdl 8192]} (34... Rxh3 $11 35. Rxc6+ Kd8) 35. Rxh2 Be5 36. Rg2 (36. Nc5+ $142 Kd6 37. Rd2+ Bd4 38. Rxd4+ Kxc5 39. f5 Kb5 40. f6 c5 41. Rxh4) 36... Bd6 37. Rg4 c5 38. Rg6 c4 39. Rg5 {White is clearly winning.} c3 40. Nc5+ Kc6 41. bxc3 Bxc5 42. Rg4 Bxe3 43. f5 Kd5 44. Rg6 Ke5 45. Ra6 {Never resign too early! Accuracy: White = 42%, Black = 31%.} 1-0

[Event "Stay Safe Play From Home 298"]
[Site "Emanuel Lasker Arena"]
[Date "2020.07.13"]
[Round "3"]
[White "Lamborghini"]
[Black "Souchov"]
[Result "0-1"]
[WhiteElo "2171"]
[BlackElo "1989"]
[Annotator "TA"]
[PlyCount "98"]
[EventDate "2020.07.13"]
[EventType "swiss (blitz)"]

{[%evp 20,98,0,0,0,-8,-15,-14,-12,-42,-39,-33,-16,-81,-41,-68,-46,-37,-41,-70,-60,-42,-26,-28,0,-31,0,0,0,-20,0,-33,0,-17,-10,-18,-23,-35,-22,-27,-24,-9,-18,-9,-11,-18,-28,-44,-41,-36,-40,-98,-47,-326,-340,-340,-322,-322,-171,-170,-134,-173,-177,-268,-256,-343,-335,-441,-432,-433,-431,-495,-418,-633,-637,-746,-569,-725,-613,-835,-823]} 1. e4 e5 2. Nf3 Nc6 3. Bb5 a6 4. Ba4 Nf6 5. O-O Be7 6. Re1 b5 7. Bb3 O-O 8. c3 d5 9. d3 dxe4 10. dxe4 Qxd1 11. Bxd1 Rd8 {C89: Closed Ruy Lopez: Marshall Attack.} 12. Bg5 h6 {[#]} 13. Bxf6 $146 ({Predecessor:} 13. Bh4 Nxe4 14. Bxe7 Nxe7 15. Nxe5 Nf5 16. Bf3 Re8 17. Rxe4 f6 18. Ng6 Be6 19. Nd2 {1-0 (35) Wolter,G (1877)-Gabriel,W (1722) Dresden 2012}) 13... Bxf6 {The position is equal.} 14. Bb3 Na5 15. Nbd2 Bb7 16. Nf1 (16. Bc2 $11 {keeps the balance.}) 16... Rd7 17. Rad1 Rad8 (17... Rxd1 {feels hotter.} 18. Bxd1 Nc4 19. Re2 a5 20. Ne3 Rd8) 18. Rxd7 Rxd7 19. Ng3 Nxb3 20. axb3 g6 21. b4 Kf8 22. Kf1 Ke7 23. Ke2 Ke6 24. Ra1 h5 25. h4 Kd6 26. Ke3 Kc6 27. Nf1 Kb6 28. N1d2 c5 29. bxc5+ Kxc5 30. b4+ Kb6 31. Nb3 Rc7 32. Nc5 Be7 33. Nxe5 Bxc5+ 34. bxc5+ Kxc5 $11 {[%mdl 4096] Endgame KRB-KRN} 35. Nd3+ (35. f3 $15) 35... Kd6 (35... Kb6 $17 36. Ra3 a5) 36. Kd4 $2 {[%mdl 8192] Now White is beyond hope.} ({White should play} 36. Kd2 $15) 36... Rc4+ $19 37. Ke3 Rxe4+ {[%mdl 64] [#] Double Attack} 38. Kd2 Re7 (38... Rxh4 $142 {...Ra4 is the strong threat.} 39. g3 Ra4) 39. f3 Ke6 40. c4 bxc4 41. Nb2 (41. Re1+ $142 Kf6 42. Rxe7 Kxe7 43. Nc5) 41... Rc7 {[#] White must now prevent ...c3+.} 42. Kc3 Kf5 43. Re1 Kf4 44. Nd1 Kg3 45. Ne3 Kxh4 46. f4 (46. Ra1 $142) 46... Kg3 {Black is clearly winning.} 47. f5 g5 {Threatens to win with ...Kf2.} 48. f6 h4 49. Nf5+ Kf2 {Accuracy: White = 40%, Black = 73%.} 0-1

[Event "Stay Safe Play From Home 298"]
[Site "Emanuel Lasker Arena"]
[Date "2020.07.13"]
[Round "3"]
[White "Bardellosport"]
[Black "AChessPlayer"]
[Result "0-1"]
[WhiteElo "2035"]
[BlackElo "2408"]
[Annotator "TA"]
[PlyCount "86"]
[EventDate "2020.07.13"]
[EventType "swiss (blitz)"]

{[%evp 9,86,16,21,16,20,13,25,21,23,4,16,-2,-1,-9,-1,-6,-2,-6,-6,-13,22,-8,-14,-25,-22,-27,-14,-20,-9,-11,21,31,30,21,31,0,34,-54,-45,-54,-22,-93,-106,-145,-132,-138,-135,-120,-133,-98,-55,-129,-112,-370,-364,-337,-363,-334,-372,-357,-358,-404,-345,-423,-418,-545,-370,-1072,-829,-829,-602,-821,-812,-1354,-1262,-29981,-29982,-29978,-29979]} 1. e4 c6 2. g3 d5 3. e5 Nd7 4. f4 e6 5. Bg2 {[#]} b6 $146 ({Predecessor:} 5... Qb6 6. d4 c5 7. c3 cxd4 8. cxd4 Bb4+ 9. Nc3 Ne7 10. Nf3 Nf5 11. O-O a5 {1-0 (37) Masumi,H-Perschak,P Vienna 2003}) 6. d4 {B10: Caro-Kann: 2 d3 and 2 c4.} Ba6 7. c3 Ne7 8. Nf3 {White has an edge.} c5 9. Be3 Nc6 10. Qd2 Be7 11. Bf1 Qc8 12. Bxa6 Qxa6 13. Qe2 Qxe2+ 14. Kxe2 a5 15. Nbd2 a4 16. a3 Na5 17. Rhc1 O-O 18. h3 Rfc8 19. g4 Nb3 20. Nxb3 axb3 21. f5 Bf8 22. Kd3 Rc6 23. Nd2 ({Better is} 23. Rf1 $14) 23... c4+ 24. Ke2 b5 25. Kf3 (25. Nf3 $11 {remains equal.}) 25... Rca6 $17 26. Nb1 {[#]} b4 $1 {[%mdl 512]} 27. cxb4 {[#]} (27. axb4 Rxa1) 27... Bxb4 $1 {[%mdl 576] Pin} 28. Bd2 (28. axb4 Rxa1) 28... Bxd2 29. Nxd2 Nb8 30. Nb1 ({White should play} 30. Nxc4 $15 Nc6 31. Nd2) 30... Nc6 31. Nc3 $2 {[%mdl 8192] White does not recover from this.} (31. Rd1 $17 {was necessary.}) 31... Nxd4+ $19 32. Kf4 Nc2 33. Rab1 d4 34. Ne4 d3 35. f6 g6 36. Nd6 Rc6 37. Ke4 Rd8 38. Nb5 $2 (38. Rd1) 38... Rd5 39. Nc3 Rd4+ 40. Kf3 Rc5 41. Ne4 Rxe5 42. Nd2 Re3+ 43. Kf2 Re2+ {[%mdl 64] Double Attack. Accuracy: White = 49%, Black = 73%.} 0-1

[Event "Stay Safe Play From Home 298"]
[Site "Emanuel Lasker Arena"]
[Date "2020.07.13"]
[Round "3"]
[White "Buzaglo"]
[Black "Lazieri3"]
[Result "1/2-1/2"]
[WhiteElo "1834"]
[BlackElo "2044"]
[Annotator "TA"]
[PlyCount "115"]
[EventDate "2020.07.13"]
[EventType "swiss (blitz)"]

{[%evp 9,115,0,61,25,72,13,22,14,10,-17,-20,-17,0,0,16,-40,-35,-214,-191,-197,-168,-176,-187,-399,-273,-267,235,-304,-181,-198,-179,-257,-192,-212,-128,-129,-134,-414,-403,-384,-400,-397,-374,-383,-375,-366,-370,-385,-383,-891,-403,-395,-386,-438,-404,-499,-500,-540,-529,-479,-301,-701,-681,-637,-454,-431,-281,-257,-8,-556,441,441,698,-29984,-29984,-29987,-29988,-29988,-29989,-29989,-29990,-29990,-29991,-29992,-29991,-29991,-29992,-29992,-29993,-29993,-29993,-29993,-29990,-29990,-29990,-29990,-29991,-29991,-29991,-29991,-29992,-29992,-29993,-29993,-29994,-29995,-29995,-29995]} 1. d4 c6 2. Nf3 d5 3. g3 Nf6 4. Bg2 Bf5 5. O-O Qc8 (5... e6 $11) 6. Ne5 {[#] D02: 1 d4 d5 2 Nf3 sidelines, including 2...Nf6 3 g3 and 2...Nf6 3 Bf4.} e6 $146 ({Predecessor:} 6... Bh3 7. c4 Bxg2 8. Kxg2 e6 9. Nc3 Nbd7 10. Qb3 Bd6 11. cxd5 exd5 12. Bf4 Nh5 13. e3 Nxf4+ 14. exf4 {0-1 (40) Hellwig,M (2014)-Hubert,P (2016) Mecklenburg VP 2003}) 7. c4 (7. f3 $1 $16) 7... Nbd7 8. cxd5 {The position is equal.} exd5 9. Nxd7 Qxd7 ({Reject} 9... Kxd7 $6 10. Nc3 $16) 10. Nc3 Bh3 11. Bg5 O-O-O (11... h5 {looks sharper.} 12. Bxf6 gxf6 13. e4 Bxg2 14. Kxg2 dxe4 15. d5 Be7) 12. e4 (12. Qa4 $11 Bxg2 13. Kxg2) 12... dxe4 13. Nxe4 $2 (13. Bxh3 $15 Qxh3 14. Bxf6 gxf6 15. d5 (15. Nxe4 h5 $15)) 13... Bxg2 $19 14. Kxg2 Nxe4 15. Bxd8 Kxd8 16. Qf3 $2 (16. Qa4) 16... f5 17. Rfe1 g6 $4 {[%mdl 8192]} (17... Qd5 $19 18. h4 Bd6) 18. Rad1 $4 {[%mdl 8192]} (18. Rxe4 $1 $18 {is the narrow road to win. aiming for Ree1.} Bg7 19. Re2) 18... Bg7 (18... Qd5 $142 19. Re2 Bg7) 19. d5 cxd5 20. Qb3 (20. Qf4 {is a better defense.} g5 21. Qb8+ Ke7 22. Qxa7) 20... Nf6 21. Re5 {[%cal Re5d5] Rexd5 is the strong threat.} Kc8 22. Rc1+ Kb8 {Strongly threatening ...Rd8.} 23. Re3 $2 {[%mdl 8192]} (23. Rce1 $17 {was the only chance.} Bf8 24. Re6) 23... d4 24. Rd3 Ne4 25. Qc4 Rc8 26. Qxc8+ Qxc8 27. Rxc8+ Kxc8 28. f3 Nc5 29. Ra3 $2 (29. Rd1 Kd7 30. Kf2) 29... a6 (29... d3 $142 {White must now prevent ...d2.} 30. Kf2 Bd4+ 31. Kf1 a6) 30. b4 Ne6 31. Rd3 Kd7 32. f4 Kd6 33. Kf3 Kd5 34. Rd1 Kc4 {And now ...d3 would win.} 35. Ke2 $2 (35. Re1 Kd5 36. Rc1) 35... Kxb4 36. Rb1+ Kc5 37. Rxb7 Kd5 38. Rd7+ {[#]} Ke4 $2 (38... Kc6 $1 $19 {[%cal Rc6d7]} 39. Rf7 h6) 39. Ra7 $2 {[%mdl 8192]} (39. Re7 $11 Kd5 40. Rd7+ Kc6 41. Rf7) 39... Nc5 $4 {[%mdl 8192] [#]} (39... Bf8 $19 40. Kd1 d3) 40. Re7+ $1 $18 ({Less strong is} 40. Rxg7 d3+ 41. Kd1 Kd4 $16) 40... Ne6 (40... Kd5 $142) 41. Rxg7 $4 {[%mdl 8192]} (41. Rxe6+ $18 Kd5 42. Rxa6) 41... Nxg7 {[%mdl 4096] Endgame KN-KP. Black mates.} 42. g4 Ne6 43. gxf5 d3+ 44. Kd2 gxf5 45. h4 Nxf4 46. h5 Nxh5 {KN-KP} 47. a4 Nf4 48. a5 Kd4 49. Kd1 Kc4 50. Ke1 Kb5 51. Kd2 Kxa5 52. Ke3 Kb4 53. Kd2 a5 54. Ke3 a4 55. Kd2 a3 56. Ke3 a2 57. Kd2 a1=Q 58. Ke3 {[%mdl 32768] Accuracy: White = 33%, Black = 35%. . An unexpected result.} 1/2-1/2

[Event "Stay Safe Play From Home 298"]
[Site "Emanuel Lasker Arena"]
[Date "2020.07.13"]
[Round "3"]
[White "Chase the sun"]
[Black "Patzeroglu"]
[Result "0-1"]
[WhiteElo "1815"]
[BlackElo "1797"]
[Annotator "NA RC"]
[PlyCount "98"]
[EventDate "2020.07.13"]
[EventType "swiss (blitz)"]

{Lerch, Martin Erik} 1. e4 {[%emt 0:00:01]} c5 {[%emt 0:00:02]} 2. Nc3 {[%emt 0:00:01]} e6 {[%emt 0:00:03]} 3. f4 {[%emt 0:00:00]} Nf6 {[%emt 0:00:02]} 4. Nf3 {[%emt 0:00:00]} d5 {[%emt 0:00:02]} 5. e5 {[%emt 0:00:01]} Nfd7 {[%emt 0:00:01]} 6. d3 {[%emt 0:00:00]} Be7 {[%emt 0:00:01]} 7. g3 {[%emt 0:00:01]} f5 {[%emt 0:00:00]} 8. Bg2 {[%emt 0:00:01]} O-O {[%emt 0:00:02]} 9. O-O {[%emt 0:00:00]} a6 {[%emt 0:00:02]} 10. Ne2 {[%emt 0:00:00]} b5 {[%emt 0:00:00]} 11. c3 {[%emt 0:00:00]} a5 {[%emt 0:00:01]} 12. d4 {[%emt 0:00:00]} a4 {[%emt 0:00:00]} 13. h3 {[%emt 0:00:01]} b4 {[%emt 0:00:02]} 14. Qe1 {[%emt 0:00:02]} a3 {[%emt 0:00:02]} 15. cxb4 {[%emt 0:00:03]} axb2 {[%emt 0:00:03]} 16. Bxb2 {[%emt 0:00:01]} cxb4 {[%emt 0:00:02]} 17. g4 {[%emt 0:00:01]} Ba6 {[%emt 0:00:03]} 18. gxf5 {[%emt 0:00:02]} Bxe2 {[%emt 0:00:03]} 19. Qxe2 {[%emt 0:00:01]} Rxf5 {[%emt 0:00:01]} 20. Kh2 {[%emt 0:00:03]} Nc6 {[%emt 0:00:03]} 21. Rg1 {[%emt 0:00:01]} Na5 {[%emt 0:00:01]} 22. Nd2 {[%emt 0:00:03]} Rxf4 {[%emt 0:00:03]} 23. Qe3 {[%emt 0:00:03]} Bg5 {[%emt 0:00:02]} 24. Qg3 {[%emt 0:00:01]} Rf5 {[%emt 0:00:03]} 25. Kh1 {[%emt 0:00:01]} Bxd2 {[%emt 0:00:02]} 26. Bxd5 {[%emt 0:00:10]} Rg5 {[%emt 0:00:01]} 27. Bxe6+ {[%emt 0:00:01]} Kh8 {[%emt 0:00:01]} 28. Qd3 {[%emt 0:00:05]} Nxe5 {[%emt 0:00:01]} 29. Qxd2 {[%emt 0:00:03]} Nf3 {[%emt 0:00:01]} 30. Qf2 {[%emt 0:00:04]} Nxg1 {[%emt 0:00:02]} 31. Rxg1 {[%emt 0:00:00]} Rxg1+ {[%emt 0:00:02]} 32. Qxg1 {[%emt 0:00:00]} Qf6 {[%emt 0:00:01]} 33. d5 {[%emt 0:00:01]} Rb8 {[%emt 0:00:00]} 34. Bxf6 {[%emt 0:00:02]} gxf6 {[%emt 0:00:01]} 35. Qa7 {[%emt 0:00:01]} Rf8 {[%emt 0:00:00]} 36. Qxa5 {[%emt 0:00:01]} f5 {[%emt 0:00:00]} 37. Qxb4 {[%emt 0:00:01]} Kg7 {[%emt 0:00:00]} 38. Qd4+ {[%emt 0:00:00]} Rf6 {[%emt 0:00:00]} 39. Qe5 {[%emt 0:00:00]} Kg6 {[%emt 0:00:02]} 40. d6 {[%emt 0:00:00]} f4 {[%emt 0:00:00]} 41. d7 {[%emt 0:00:00]} Rxe6 {[%emt 0:00:00]} 42. Qf6+ {[%emt 0:00:00]} Rxf6 {[%emt 0:00:02]} 43. d8=Q {[%emt 0:00:00]} f3 {[%emt 0:00:00]} 44. Qd2 {[%emt 0:00:00]} f2 {[%emt 0:00:00]} 45. Qd3+ {[%emt 0:00:00]} Kg7 {[%emt 0:00:03]} 46. Qf1 {[%emt 0:00:00]} Rf4 {[%emt 0:00:01]} 47. Kg2 {[%emt 0:00:00]} Kf6 {[%emt 0:00:00]} 48. Qxf2 {[%emt 0:00:00]} Kf5 {[%emt 0:00:00]} 49. Qxf4+ {[%emt 0:00:01]} Kxf4 {[%emt 0:00:00] Zeit (Lag: Av=1.40s, max=5.4s)} 0-1

[Event "Stay Safe Play From Home 298"]
[Site "Emanuel Lasker Arena"]
[Date "2020.07.13"]
[Round "4"]
[White "AChessPlayer"]
[Black "Mepe_Nika"]
[Result "1-0"]
[WhiteElo "2412"]
[BlackElo "2387"]
[Annotator "TA"]
[PlyCount "59"]
[EventDate "2020.07.13"]
[EventType "swiss (blitz)"]

{[%evp 9,59,-30,-20,-28,-10,0,20,0,22,18,27,26,23,19,29,28,20,17,10,6,54,41,131,-31,-50,-55,499,497,460,475,420,361,29983,172,179,41,58,59,227,231,218,228,270,247,277,244,247,234,376,365,29991,29992]} 1. b3 d5 2. Bb2 Bf5 3. e3 e6 4. f3 Nf6 {[#]} 5. f4 $146 ({Predecessor:} 5. Bb5+ c6 6. Be2 Bd6 7. Nc3 e5 8. g4 Bg6 9. h4 h6 10. d3 O-O 11. Qd2 Bb4 {0-1 (33) Sparv,J-Jones,C (1883) ICCF email 2018}) 5... c5 6. Nf3 {A01: Nimzowitsch-Larsen Opening.} Nc6 7. Bb5 Be7 8. O-O {The position is equal.} Rc8 (8... Qb6 $5 {[%cal Rb6b5]} 9. Bxc6+ bxc6 $11) 9. Ne5 O-O 10. Bxc6 bxc6 11. d3 Nd7 12. Nxd7 Qxd7 13. Nd2 a5 14. e4 dxe4 15. dxe4 Bg6 (15... Rcd8 $14) 16. f5 $2 {[#]} (16. Qe2 $16) 16... exf5 $15 17. exf5 Rfd8 $2 {[%mdl 8192]} (17... Bxf5 $15 {stays ahead.} 18. Qf3 Bxc2) 18. fxg6 $18 Qxd2 19. gxf7+ Kf8 {aiming for ...Qe3+.} 20. Qh5 ({But not} 20. Qg4 Qg5 $18) 20... Qxc2 $2 {[#]} (20... Qh6 $18 21. Qf3 Bf6) 21. Rf2 $2 ({Inferior is} 21. Qe5 Bf6 $11) (21. Bxg7+ $1 {[%mdl 512] mates} Kxg7 22. Qe5+ {[%mdl 64] Double Attack} Kh6 23. Qxe7 Qg6 24. Rf4 Rd4 25. f8=Q+ Rxf8 26. Qxf8+ Kg5 27. Rf3) 21... Qg6 22. Qxg6 (22. Qe2 $18) 22... hxg6 $14 23. Re1 Bf6 $2 (23... c4 $14) 24. Bxf6 $18 gxf6 25. Rxf6 {KRR-KRR} Rd2 26. Ref1 Rc7 27. a4 Rb2 28. R1f3 Re7 (28... Rb1+ $142 29. Kf2 g5) 29. h4 Ree2 $2 (29... Rb7 $18 30. Rxg6 Rxf7 31. Rxf7+ (31. Rxc6 Rxf3 32. gxf3 Rxb3 $18) 31... Kxf7 32. Rxc6 Rb1+ 33. Kh2 Rc1) 30. Rxg6 {Accuracy: White = 73%, Black = 36%.} 1-0

[Event "Stay Safe Play From Home 298"]
[Site "Emanuel Lasker Arena"]
[Date "2020.07.13"]
[Round "4"]
[White "SoulofWolf"]
[Black "NeatFox"]
[Result "1-0"]
[WhiteElo "2213"]
[BlackElo "1840"]
[Annotator "TA"]
[PlyCount "57"]
[EventDate "2020.07.13"]
[EventType "swiss (blitz)"]

{[%evp 9,57,21,57,51,57,54,86,71,101,39,265,272,279,192,308,291,475,460,466,442,499,503,500,496,935,578,1043,789,737,602,590,524,526,410,704,608,694,674,1034,978,903,702,1602,846,2123,1260,29988,29989,29986,29987]} 1. e4 e5 2. Nc3 Nc6 3. Nf3 d6 4. Bb5 Bd7 5. Bxc6 Bxc6 6. d4 {C62: Ruy Lopez: Steinitz Defence.} exd4 7. Nxd4 Qd7 {[#]} 8. f3 $146 {White is better.} ({Predecessor:} 8. O-O O-O-O 9. a4 Nf6 10. f3 d5 11. e5 Ne8 12. Ncb5 Bc5 13. Kh1 a6 14. b4 Bxd4 15. Nxd4 Bxa4 {1-0 (23) Bouwman,M (2233)-Dias,J (1680) Natal 2019}) 8... Nf6 9. b4 ({White should play} 9. Qe2 $16) 9... Be7 $2 {[#] This costs Black the game.} (9... Qd8 $14) 10. b5 $18 Bxb5 11. Ncxb5 c6 (11... c5 $142 12. Nf5 Qxb5 13. Nxg7+ Kd7) 12. Nc3 c5 $2 (12... O-O {was necessary.} 13. Rb1 d5) 13. Nf5 O-O 14. Bf4 Rad8 15. O-O Nh5 16. Be3 g5 (16... g6 $142 17. Nxe7+ Qxe7) 17. g3 h6 18. Rb1 Ng7 19. Nxg7 Kxg7 20. Qd5 b6 21. a4 {[%cal Ba2a4,Ba4a5][%mdl 32]} g4 {[#]} (21... Bf6 $142 22. Bd2 Qe6) 22. a5 $1 gxf3 (22... bxa5 23. Rb7) 23. Rxf3 Qh3 24. axb6 axb6 25. Rxb6 h5 26. Rb1 h4 27. Rbf1 {[%cal Rf3f7]} hxg3 28. Rxg3+ Qxg3+ 29. hxg3 {Accuracy: White = 30%, Black = 20%.} 1-0

[Event "Stay Safe Play From Home 298"]
[Site "Emanuel Lasker Arena"]
[Date "2020.07.13"]
[Round "4"]
[White "Lamborghini"]
[Black "Patzeroglu"]
[Result "0-1"]
[WhiteElo "2146"]
[BlackElo "1815"]
[Annotator "TA"]
[PlyCount "88"]
[EventDate "2020.07.13"]
[EventType "swiss (blitz)"]

{[%evp 9,88,-95,-91,-106,-91,-75,-75,-81,-81,-127,-46,-55,-47,-69,-52,-50,-57,-62,-43,-64,-48,-64,-29,-40,-25,-21,-23,-45,0,-7,-7,-3,33,30,36,13,31,26,18,23,25,0,8,0,0,0,0,0,0,-21,0,-104,-23,-270,-268,-204,-91,-436,-430,-487,-483,-845,-356,-934,-900,-929,-929,-956,-945,-1504,-942,-940,-914,-29991,-29992,-29993,-29994,-29994,-29989,-29988,-29988]} 1. e4 c5 2. Nf3 Nf6 3. d4 Nxe4 4. dxc5 Nxc5 5. Bc4 {[#]} e6 $146 ({Predecessor:} 5... d6 6. Nc3 Bg4 7. Bxf7+ Kxf7 8. Ng5+ Ke8 9. Qxg4 h6 10. Qh5+ g6 11. Qxg6+ Kd7 {1-0 (19) Konecna,J-Mirvaldova,L Plzen 1993}) 6. b4 {B29: Sicilian: 2 Nf3 Nf6 (Nimzowitsch Variation).} d5 (6... Ne4 {is interesting.} 7. a3 d5 8. Bb3 a5 9. c4 axb4 10. Bb2 Be7) 7. bxc5 {[#] Hoping for Be2.} dxc4 8. Qxd8+ {Black is better.} Kxd8 9. Be3 Nc6 (9... Na6 $17 10. Ne5 Ke8) 10. Nbd2 f6 11. Nxc4 e5 12. O-O-O+ Kc7 13. Nfd2 Bg4 14. Rde1 Be6 15. a3 g5 16. h4 g4 17. f4 gxf3 18. gxf3 h5 19. f4 Bxc4 20. Nxc4 Bh6 21. fxe5 Bxe3+ 22. Rxe3 Nxe5 23. Nd6 Kc6 24. Rf1 Raf8 25. Ne4 Ng4 $36 {[%mdl 2048] White is under pressure.} 26. Rb3 f5 27. Ng5 f4 28. Ne6 {aiming for Rd1.} Rf6 29. Ng5 Ne5 30. Rh3 (30. Rb4 $11) 30... f3 (30... Re8 $17 31. Rb3 Rd8) 31. Ne4 $2 (31. Nxf3 $11 {and White has nothing to worry.} Kxc5 32. Rg3) 31... Rf4 $19 32. Ng5 {[%cal Rg5f3]} Re8 (32... f2 $19 {has better winning chances. Strongly threatening ...Nc4.} 33. Re3 Ng4) 33. Rh2 $2 {[%mdl 8192]} (33. Nxf3 $17 Nc4 34. Rd1) 33... Ng4 34. Rd2 f2 {And now ...Re1+ would win.} 35. Kb2 (35. Rd6+ $142 Kb5 36. Ne6) 35... Kxc5 (35... Re1 $142 36. Rfxf2 Rxf2 37. Rd6+ Kxc5) 36. Rd3 $2 (36. Nh3 Rf3 37. Nxf2) 36... Re1 37. Rxf2 Rxf2 38. Rc3+ Kb6 39. Nf7 Ka6 40. Nd6 Ree2 41. Rc6+ bxc6 {Black mates.} 42. Nc4 Rxc2+ 43. Kb3 {[#]} Rxc4 $1 44. Kxc4 Rh2 {Accuracy: White = 57%, Black = 61%.} 0-1